000 00796cam a2200253 a 4500
008
020 _a9780470024232 (hbk. )
049 _aMAIN
090 _aQA278.3
_bLEE
100 1 _aLee, Sik-Yum.
245 1 0 _aStructural equation modeling :
_ba Bayesian approach /
_cSik-Yum Lee.
260 _aChichester :
_bWiley,
_cc2007.
300 _axv, 432 p. :
_bill. ;
_c24 cm.
440 0 _aWiley series in probability and statistics.
504 _aIncludes bibliographical references.
500 _aIncludes index.
650 0 _aStructural equation modeling.
650 0 _aBayesian statistical decision theory.
907 _a.b10297881
_b07-06-11
_c06-06-11
003
005 20230123125305.0
040 _cNUST
942 _cBOOKS
_kQA278.3
_mLEE
999 _c138995
_d138995